000 00412nam a2200181Ia 4500
001 15589
005 20260306170207.0
008 260306t1947||||xx |||||||||||||| ||und||
041 _aESP
082 _a549
_bK63
100 _aKlockmann, F.
_eAUT
245 0 _aTratado de MineralogĂ­a
260 _c1947
300 _a702 páginas :
_c23 cm.
650 _aGEN
654 _aCCN
942 _cLIB
_dJUS
_fJUS
_2ddc
_n
999 _c15589
_d15589